|
|
|
|
| LEADER |
00000cam a2200000 a 4500 |
| 001 |
vtls001283175 |
| 003 |
SK-MaSNL |
| 005 |
20260416165558.0 |
| 008 |
251124s1956 xr 00000 cze |
| 035 |
|
|
|a SNK000234632
|
| 040 |
|
|
|a SNK
|b slo
|c SNK
|e AACR2
|
| 041 |
0 |
|
|a cze
|
| 044 |
|
|
|a xr
|c CZ
|
| 245 |
0 |
0 |
|a Besedy o umění
|b Pro 7. postup. ročník všeobecně vzdělávacích škol
|c [Autoři textové části:] Karel Krejčí, Václav Kunc
|n Čís. 5
|
| 250 |
|
|
|a 1. vyd.
|
| 260 |
|
|
|a Praha
|b Státní pedagogické nakladatelství
|c [1956]
|
| 300 |
|
|
|a 14 s. [8] obr. příl. [8] barev. obr. příl.
|c 4°
|
| 650 |
0 |
7 |
|a besedy
|2 SNKPH
|9 285511
|
| 650 |
0 |
7 |
|a umenie
|2 SNKPH
|9 1060
|
| 655 |
|
7 |
|a učebnice základných škôl
|2 SNKPH
|9 70187
|
| 700 |
1 |
|
|a Krejčí, Karel
|4 aut
|9 300904
|
| 700 |
1 |
|
|a Kunc, Václav
|4 aut
|9 729371
|
| 958 |
|
|
|a RK
|
| 958 |
|
|
|a CZ
|
| 999 |
|
|
|c 1143607
|d 1145537
|
| 952 |
|
|
|t P60, <04>, [BOOK], {604}
|a SNK
|b SNK
|y VYP
|7 0
|o snkIB 5317
|0 0
|1 0
|4 0
|d 1997-04-11
|l 0
|r 2005-01-02 00:00:00
|w 2026-02-24
|
| 952 |
|
|
|t P60, <04>, [BOOK], {604}
|a SNK
|b SNK
|y VYP
|7 0
|o snkIB 5317 D1
|0 0
|1 0
|4 0
|d 1997-04-11
|l 0
|r 2005-01-02 00:00:00
|w 2026-02-24
|